Iglesia y estado
Guardat en:
| Autor principal: | |
|---|---|
| Format: | Llibre |
| Idioma: | espanyol |
| Publicat: |
Santiago
Cervantes
1923
|
| Matèries: | |
| Etiquetes: |
Afegir etiqueta
Sense etiquetes, Sigues el primer a etiquetar aquest registre!
|
MARC
| LEADER | 00000nam a2200000 a 4500 | ||
|---|---|---|---|
| 001 | UCL3277 | ||
| 003 | CL-VaPUC | ||
| 008 | 031121e19230000CL |||||||||||||||||spa|d | ||
| 082 | 0 | 4 | |a 261.7 |b PER |2 21 |
| 100 | 0 | |a Peragallo, Roberto |e author |9 480587 | |
| 245 | 1 | 0 | |a Iglesia y estado |
| 300 | |a 400 p | ||
| 942 | |c BK | ||
| 945 | |d 20031121 00:00:00 |a vberengu | ||
| 260 | |a Santiago |b Cervantes |c 1923 | ||
| 500 | |a Donación Padres Capuchinos | ||
| 650 | 0 | |a Doctrina social de la iglesia |9 257333 | |
| 650 | 0 | |a Participación social |9 256140 | |
| 650 | 0 | |a Problemas sociales |9 258537 | |
| 650 | 0 | |a Moral social |9 310700 | |
| 583 | |a last modification |c 20031121 00:00:00 |k Rodrigo Vera | ||
| 999 | |c 306389 |d 306387 | ||
| 952 | |0 0 |1 0 |4 0 |6 261_700000000000000_PER_1923 |7 0 |8 P |9 371356 |a BIBTEO |b BIBTES |c TEO_FTES |d 2019-11-21 |i 2095424 |o 261.7 PER 1923 |p 2095424 |r 2024-01-18 |w 2019-11-21 |y BK |k ICR | ||
| 952 | |0 0 |1 0 |4 0 |6 261_700000000000000_PER_1923 |7 0 |8 P |9 371357 |a BIBTEO |b BIBTES |c TEO_FTES |d 2019-11-21 |i 2095432 |o 261.7 PER 1923 |p 2095432 |r 2024-01-18 |w 2019-11-21 |y BK |k ICR | ||
| 952 | |0 0 |1 0 |4 0 |6 261_700000000000000_PER_1923 |7 0 |8 X |9 371358 |a FDOBUD |b FDOBUD |d 2019-11-21 |i 4405188 |o 261.7 PER 1923 |p 4405188 |r 2019-11-21 |w 2019-11-21 |y BK_X |k BUD | ||